Náboženské hnutia a sekty ako globálny problém

Klasifikácia svetového náboženstva. Stručná charakteristika kresťanstva, islamu, hinduizmu, budhizmu a judaizmu. "Nové náboženstvá". Charakteristické črty siekt. Registrovaná cirkev na Slovensku.

Gespeichert in:
Bibliographische Detailangaben
1. Verfasser: Vokálová, Emília
Format: Buchkapitel
Sprache:Slowakisch
Schlagworte:
Tags: Tag hinzufügen
Keine Tags, Fügen Sie das erste Tag hinzu!

MARC

LEADER 00000naa a2200000 4500
001 r048229
005 20230918082344.6
041 0 |a slo 
044 |a SK 
245 1 0 |a Náboženské hnutia a sekty ako globálny problém  |c Emília Vokálová 
520 |a Klasifikácia svetového náboženstva. Stručná charakteristika kresťanstva, islamu, hinduizmu, budhizmu a judaizmu. "Nové náboženstvá". Charakteristické črty siekt. Registrovaná cirkev na Slovensku. 
610 2 0 |a náboženstvo 
610 2 0 |a kresťanstvo 
610 2 0 |a islam 
610 2 0 |a nacionalizmus 
610 2 0 |a konflikty 
610 2 0 |a problémy globálne 
610 2 0 |a Slovensko 
100 1 |a Vokálová, Emília